Teatro cómico soviético (Registro nro. 12447)
[ vista simple ]
| 000 -ENCABEZADO | |
|---|---|
| Número de control [NR] | 00852nam a2200229Ia 4500 |
| 008 - DE LONGITUD FIJA DE DATOS DE ELEMENTOS - INFORMACIÓN GENERAL | |
| Elementos de longitud fija [NR] | 130821s1968 sp gr spa |
| 040 ## - FUENTE DE CATALOGACION [NR] | |
| Agencia de catalogación original [NR] | Co-BoUCM |
| Idioma de catalogación [NR] | spa |
| 041 ## - CODIGO DE IDIOMA [R] | |
| Código de idioma para texto/pista de sonido o título separado [R] | Español |
| 245 ## - MENCION DE TITULO [NR] | |
| Título [NR] | Teatro cómico soviético |
| Mención de responsabilidad, etc. [NR] | Vladimir Maiakvski; Eugéni Zamiatin Kataiev; Boris Romashov; traducción del ruso por Andrés Fierro; Antonio Olivares; Ilse Wolf |
| 260 ## - PUBLICACION, DISTRIBUCION, ETC. (PIE DE IMPRENTA) [R] | |
| Lugar de publicación, distribución, etc. [R] | Madrid (España) |
| Nombre del editor, distribuidor, etc. [R] | Aguilar |
| Fecha de publicación, distribución, etc. [R] | 1968 |
| 300 ## - DESCRIPCION FISICA [R] | |
| Extensión [R] | 289 páginas |
| 650 04 - ASIENTO SECUNDARIO DE MATERIA - TERMINO TEMATICO [R] | |
| Término temático o nombre geográfico como elemento de entrada [NR] | Comedia soviética |
| 9 (RLIN) | 11185 |
| 650 04 - ASIENTO SECUNDARIO DE MATERIA - TERMINO TEMATICO [R] | |
| Término temático o nombre geográfico como elemento de entrada [NR] | Teatro soviético |
| 9 (RLIN) | 25092 |
| 700 ## - ASIENTO SECUNDARIO - NOMBRE PERSONAL [R] | |
| Nombre personal [NR] | Fierro, Andrés |
| Término de relación [R] | |
| 9 (RLIN) | 155814 |
| 700 ## - ASIENTO SECUNDARIO - NOMBRE PERSONAL [R] | |
| Nombre personal [NR] | Maiakvski, Vladimir |
| 9 (RLIN) | 155815 |
| 700 ## - ASIENTO SECUNDARIO - NOMBRE PERSONAL [R] | |
| Nombre personal [NR] | Olivares, Antonio |
| Término de relación [R] | |
| 9 (RLIN) | 134591 |
| 700 ## - ASIENTO SECUNDARIO - NOMBRE PERSONAL [R] | |
| Nombre personal [NR] | Romashov, Boris |
| 9 (RLIN) | 155816 |
| 700 ## - ASIENTO SECUNDARIO - NOMBRE PERSONAL [R] | |
| Nombre personal [NR] | Wolf, Ilse |
| Término de relación [R] | |
| 9 (RLIN) | 155817 |
| 700 ## - ASIENTO SECUNDARIO - NOMBRE PERSONAL [R] | |
| Nombre personal [NR] | Zamiatin Kataiev, Eugéni |
| 9 (RLIN) | 155818 |
| 942 ## - ELEMENTOS DE ENTRADA AGREGADOS (KOHA) | |
| Tipo de ítem principal el descrito en 300a | Libro |
| Tema principal | Literatura |
| Edición | 1 |
| Parte restante de la signatura top. | T31 |
| Sistema de clasificación | DEWEY |
| Clasificación | 891.7 |
| Fecha de último préstamo | Total préstamos | Signatura topográfica | Código de barras | Última vez visto | Ejemplar | Price effective from | Tipo de ítem | Perdido | Sistema de clasificación | Dañado | No prestable | Tipo de ítem específico | Suprimido | Ubicación habitual | Ubicación actual | Localización | Fecha de creación | Forma de adquisición | Costo |
|---|---|---|---|---|---|---|---|---|---|---|---|---|---|---|---|---|---|---|---|
| 12/06/2012 | 3 | 891.7 T31 | 100013568 | 01/12/2025 | Ej.1 | 03/02/2013 | Libro | DEWEY | Libro | Fundación Cardioinfantil | Fundación Cardioinfantil | 1er piso | 28/02/2003 | Compra | 200.00 |